000 01096cam a2200337 i 4500
001 30680
003 BD-RjUL
005 20211209051612.0
008 140410s1975 nyua b 001 0 eng
020 _a0070311501 :
035 _a(BD-RjUL)30767
040 _aDLC
_cDLC
_dDLC
_dBD-RjUL
_beng
041 _aeng
060 _aLB1051 H917p
082 0 0 _a153.15
_bHUP 1975
100 1 _aHulse, Stewart H.
_993200
245 1 4 _aThe psychology of learning /
_cStewart H. Hulse, James Deese, Howard Egeth.
250 _a4th ed.
260 _aNew York :
_bMcGraw-Hill,
_c1975.
300 _axx, 456 p. :
_bill. ;
_c24 cm.
490 0 _aMcGraw-Hill series in psychology
500 _aIn earlier editions Deese's name appeared first on the title page.
504 _aIncludes Bibliography: p. 419-438 and index.
650 0 _aLearning, Psychology of.
_993201
650 2 _aPsychology, Educational.
_992375
700 1 _aDeese, James,
_d1921-
_ejoint author.
_992242
700 1 _aEgeth, Howard,
_ejoint author.
_993202
942 _2ddc
_cBK
999 _c30680
_d30680